BIBLIOTECA PODER JUDICIAL
Portal Judicial TDF

Sociedades anónimas controladas por el Estado : (Registro nro. 6320)

000 -LEADER
fixed length control field 01115nabaa22002177a 4500
003 - CONTROL NUMBER IDENTIFIER
control field OSt
005 - DATE AND TIME OF LATEST TRANSACTION
control field 20260130200004.0
008 - FIXED-LENGTH DATA ELEMENTS--GENERAL INFORMATION
fixed length control field 190701b xxu||||| |||| 00| 0 spa d
040 ## - CATALOGING SOURCE
Transcribing agency PJ
100 ## - MAIN ENTRY--PERSONAL NAME
9 (RLIN) 6995
Personal name Calvo, Eduardo J.
245 10 - TITLE STATEMENT
Title Sociedades anónimas controladas por el Estado :
Remainder of title apuntes desde el derecho societario /
Statement of responsibility, etc Eduardo J. Calvo.
300 ## - PHYSICAL DESCRIPTION
Extent p. 77-107
500 ## - GENERAL NOTE
General note Cita: TR LALEY AR/DOC/2587/2025
505 ## - FORMATTED CONTENTS NOTE
Formatted contents note Sumario: I. Introducción.— II. Los principios del derecho comercial y societario. Sus orígenes.— III. El marco legal de la sociedad anónima estatal en el Cód. Civ. y Com. y la LGS.— IV. La sociedad como flujo de fondos.— V. La responsabilidad de directores y síndicos.— VI. A modo de conclusión.
505 ## - FORMATTED CONTENTS NOTE
Title ¿Te interesa el texto completo? Comunicate al correo: koha@justierradelfuego.gov.ar
650 #0 - SUBJECT ADDED ENTRY--TOPICAL TERM
9 (RLIN) 211
Topical term or geographic name as entry element DERECHO ADMINISTRATIVO
650 #0 - SUBJECT ADDED ENTRY--TOPICAL TERM
Topical term or geographic name as entry element SOCIEDAD ANONIMA
9 (RLIN) 1625
650 #0 - SUBJECT ADDED ENTRY--TOPICAL TERM
Topical term or geographic name as entry element ESTADO
9 (RLIN) 5541
773 0# - HOST ITEM ENTRY
Host Biblionumber 2842
Host Itemnumber 3251
Place, publisher, and date of publication Buenos Aires : AbeledoPerrot, 2012-
Other item identifier DA121
Title Derecho administrativo. Nº 162 noviembre/diciembre 2025
International Standard Book Number 18510590
942 ## - ADDED ENTRY ELEMENTS (KOHA)
Source of classification or shelving scheme
Koha item type Analítica Artículo de Revista

No hay ítems disponibles.

12 de Octubre 789 Ushuaia - Tel:  54(02901)441571
Horario de Atención: 8.00 a 17.00 hs. 
bibliotecaush@justierradelfuego.gov.ar
koha@justierradelfuego.gov.ar
Seguinos en nuestras redes @bibliojustdf 

Con tecnología Koha